Environmental toxicology of pesticides (Record no. 26732)

MARC details
000 -LEADER
fixed length control field 00369nam a2200145Ia 4500
082 ## - DEWEY DECIMAL CLASSIFICATION NUMBER
Classification number 632.95.024
Item number MAT
245 #0 - TITLE STATEMENT
Title Environmental toxicology of pesticides
260 ## - PUBLICATION, DISTRIBUTION, ETC. (IMPRINT)
Place of publication New York
Name of publisher Academic
Year of publication 1972
650 ## - SUBJECT ADDED ENTRY--TOPICAL TERM
Topical Term Fungicides
650 ## - SUBJECT ADDED ENTRY--TOPICAL TERM
Topical Term Pesticides
650 ## - SUBJECT ADDED ENTRY--TOPICAL TERM
Topical Term Toxicology
700 ## - ADDED ENTRY--PERSONAL NAME
Personal name MATSUMURA, Fumio
942 ## - ADDED ENTRY ELEMENTS (KOHA)
Koha item type Books
Holdings
Withdrawn status Lost status Damaged status Not for loan Home library Current library Date acquired Full call number Accession Number Koha item type
        RRII Library RRII Library 16/12/2021 632.95.024 MAT 07364 Books